Statistics for Southern New Jersey Municipalities by Shape

Click here to take the quiz!

General Stats

  • This quiz has been taken 7 times
  • The average score is 175 of 267

Answer Stats

Answer% Correct
Avalon
100%
Atlantic City
83%
Barnegat
83%
Beverly
83%
Bordentown Borough
83%
Bordentown Twp
83%
Brick
83%
Brigantine
83%
Burlington City
83%
Burlington Twp
83%
Camden
83%
Cape May
83%
Cinnaminson
83%
Collingswood
83%
Corbin City
83%
Delanco
83%
Delran
83%
Deptford
83%
Edgewater Park
83%
Evesham
83%
Ewing
83%
Florence
83%
Freehold Borough
83%
Freehold Twp
83%
Gibbsboro
83%
Glassboro
83%
Gloucester Twp
83%
Hamilton (Atlantic Co.)
83%
Hamilton (Mercer Co.)
83%
Hammonton
83%
Jackson
83%
Lakewood
83%
Long Beach
83%
Longport
83%
Maple Shade
83%
Margate City
83%
Medford
83%
Medford Lakes
83%
Moorestown
83%
Mount Holly
83%
Mount Laurel
83%
Ocean City
83%
Ocean Twp (Monmouth Co.)
83%
Ocean Twp (Ocean Co.)
83%
Pennsauken
83%
Princeton
83%
Riverside
83%
Riverton
83%
Salem
83%
Sea Isle City
83%
Seaside Heights
83%
Somers Point
83%
Stone Harbor
83%
Toms River
83%
Trenton
83%
Ventnor City
83%
Vineland
83%
Voorhees
83%
Washington (Burlington Co.)
83%
Washington (Gloucester Co.)
83%
West Deptford
83%
Willingboro
83%
Woodbury
83%
Absecon
67%
Asbury Park
67%
Audubon
67%
Audubon Park
67%
Barnegat Light
67%
Barrington
67%
Bass River
67%
Beach Haven
67%
Bellmawr
67%
Belmar
67%
Berlin Borough
67%
Berlin Twp
67%
Bridgeton
67%
Buena
67%
Buena Vista
67%
Cape May Point
67%
Carneys Point
67%
Chesilhurst
67%
Chesterfield
67%
Clayton
67%
Clementon
67%
Commercial
67%
Deerfield
67%
Dennis
67%
Eastampton
67%
East Greenwich
67%
East Windsor
67%
Egg Harbor Twp
67%
Elk
67%
Fieldsboro
67%
Folsom
67%
Franklin
67%
Galloway
67%
Gloucester City
67%
Greenwich (Cumberland Co.)
67%
Greenwich (Gloucester Co.)
67%
Haddon
67%
Haddonfield
67%
Haddon Heights
67%
Hainesport
67%
Harrison
67%
Harvey Cedars
67%
Hi-Nella
67%
Howell
67%
Lakehurst
67%
Laurel Springs
67%
Lavallette
67%
Lawnside
67%
Lawrence (Cumberland Co.)
67%
Lawrence (Mercer Co.)
67%
Logan
67%
Long Branch
67%
Lower
67%
Lumberton
67%
Magnolia
67%
Mannington
67%
Mansfield
67%
Mantua
67%
Maurice River
67%
Merchantville
67%
Middle
67%
Millville
67%
Monroe
67%
Mount Ephraim
67%
Mullica
67%
National Park
67%
New Hanover
67%
North Hanover
67%
North Wildwood
67%
Oaklyn
67%
Oldmans
67%
Palmyra
67%
Paulsboro
67%
Pemberton Borough
67%
Pemberton Twp
67%
Pennington
67%
Penns Grove
67%
Pennsville
67%
Pilesgrove
67%
Pitman
67%
Pleasantville
67%
Plumsted
67%
Point Pleasant
67%
Point Pleasant Beach
67%
Robbinsville
67%
Runnemede
67%
Sea Bright
67%
Sea Girt
67%
Seaside Park
67%
Shamong
67%
Shiloh
67%
Somerdale
67%
Southampton
67%
South Harrison
67%
South Toms River
67%
Springfield
67%
Stow Creek
67%
Surf City
67%
Swedesboro
67%
Tabernacle
67%
Tuckerton
67%
Upper
67%
Upper Deerfield
67%
Upper Freehold
67%
Wall
67%
Waterford
67%
Wenonah
67%
Westampton
67%
West Cape May
67%
Westville
67%
West Wildwood
67%
West Windsor
67%
Weymouth
67%
Wildwood
67%
Wildwood Crest
67%
Woodbine
67%
Woodbury Heights
67%
Woolwich
67%
Wrightstown
67%
Aberdeen
50%
Allenhurst
50%
Allentown
50%
Alloway
50%
Atlantic Highlands
50%
Avon-By-The-Sea
50%
Bay Head
50%
Beachwood
50%
Berkeley
50%
Bradley Beach
50%
Brielle
50%
Brooklawn
50%
Cherry Hill
50%
Colts Neck
50%
Deal
50%
Downe
50%
Eagleswood
50%
Eatontown
50%
Egg Harbor City
50%
Elmer
50%
Elsinboro
50%
Englishtown
50%
Estell Manor
50%
Fairfield
50%
Fair Haven
50%
Farmingdale
50%
Hazlet
50%
Highlands
50%
Hightstown
50%
Holmdel
50%
Hopewell Borough
50%
Hopewell Twp (Cumberland Co.)
50%
Hopewell Twp (Mercer Co.)
50%
Interlaken
50%
Island Heights
50%
Keansburg
50%
Keyport
50%
Lacey
50%
Lake Como
50%
Lindenwold
50%
Linwood
50%
Little Egg Harbor
50%
Little Silver
50%
Loch Arbour
50%
Lower Alloways Creek
50%
Manalapan
50%
Manasquan
50%
Manchester
50%
Mantoloking
50%
Marlboro
50%
Matawan
50%
Middletown
50%
Millstone
50%
Monmouth Beach
50%
Neptune City
50%
Neptune Twp
50%
Newfield
50%
Northfield
50%
Ocean Gate
50%
Oceanport
50%
Pine Beach
50%
Pine Hill
50%
Pine Valley
50%
Pittsgrove
50%
Port Republic
50%
Quinton
50%
Red Bank
50%
Roosevelt
50%
Rumson
50%
Ship Bottom
50%
Shrewsbury Borough
50%
Shrewsbury Twp
50%
Spring Lake
50%
Spring Lake Heights
50%
Stafford
50%
Stratford
50%
Tavistock
50%
Tinton Falls
50%
Union Beach
50%
Upper Pittsgrove
50%
West Long Branch
50%
Winslow
50%
Woodland
50%
Woodlynne
50%
Woodstown
50%

Score Distribution

Percentile by Number Answered

Percent of People with Each Score

Your Score History

You have not taken this quiz